| 000 | 00594nam a2200193 4500 | ||
|---|---|---|---|
| 001 | 137311 | ||
| 003 | ES-MaACL | ||
| 005 | 20230906195341.0 | ||
| 007 | t| | ||
| 008 | 070214s1965 sp r ||||1| spa d | ||
| 100 | 1 |
_aSan Clemente Idiazabal, Jesús. _9102230 |
|
| 245 | 1 | 0 |
_aIniciación a la biblia para seglares / _cJesús San Clemente Idiazabal. |
| 260 |
_aBilbao : _bDescleé de Brouwer, _c1965. |
||
| 300 |
_a195 p. ; _c19 cm + _e2 map. |
||
| 490 | 1 | _aCol. temas bíblicos | |
| 830 | 0 |
_aCol. temas bíblicos _9220071 |
|
| 852 |
_aES-MaACL _jC-28182 _bR.57484 |
||
| 999 |
_c137311 _d137311 |
||